A handbook for directors, executives and advisers (Record no. 110729)

MARC details
000 -LEADER
fixed length control field 01004cad a22002175a 4500
001 - CONTROL NUMBER
control field L150084
008 - FIXED-LENGTH DATA ELEMENTS--GENERAL INFORMATION
fixed length control field 100601s2010 xxk f 000 0 eng d
035 ## - SYSTEM CONTROL NUMBER
System control number (Sirsi) u150084
041 0# - LANGUAGE CODE
Language code of text/sound track or separate title eng
050 04 - LIBRARY OF CONGRESS CALL NUMBER
Classification number 346.410664 $2 18
110 2# - MAIN ENTRY--CORPORATE NAME
Corporate name or jurisdiction name as entry element K2 Business Rescue
9 (RLIN) 5856
245 02 - TITLE STATEMENT
Title A handbook for directors, executives and advisers
Remainder of title directors' duties and responsibilities with specific emphasis on business survival
260 ## - PUBLICATION, DISTRIBUTION, ETC.
Place of publication, distribution, etc. London
Name of publisher, distributor, etc. TMA
Date of publication, distribution, etc. 2010
520 ## - SUMMARY, ETC.
Summary, etc. Identifies who is a director and summarises directors' responsibilities, powers, duties and liabilities. Covers insolvency, trading while insolvent, and outlines the role of the company secretary.
590 ## - LOCAL NOTE (RLIN)
Local note KA NTK
651 #4 - SUBJECT ADDED ENTRY--GEOGRAPHIC NAME
Geographic name United Kingdom
Chronological subdivision
690 ## - LOCAL SUBJECT ADDED ENTRY--TOPICAL TERM (OCLC, RLIN)
Topical term or geographic name as entry element MANAGEMENT-BUSINESS MANAGEMENT-PROFESSIONAL PRACTICE
710 1# - ADDED ENTRY--CORPORATE NAME
Corporate name or jurisdiction name as entry element Turnaround Management Association United Kingdom
9 (RLIN) 5855
856 48 - ELECTRONIC LOCATION AND ACCESS
Uniform Resource Identifier <a href="https://www.tma-uk.org/uploads/TMAK2Handbook_DirectorDuties2010_Ed1.pdf">https://www.tma-uk.org/uploads/TMAK2Handbook_DirectorDuties2010_Ed1.pdf</a>
Public note View the handbook free of charge at www.tma.org
942 ## - ADDED ENTRY ELEMENTS (KOHA)
Suppress in OPAC 0
Holdings
Withdrawn status Lost status Source of classification or shelving scheme Damaged status Not for loan Home library Current library Shelving location Date acquired Total Checkouts Full call number Barcode Date last seen Copy number Price effective from Koha item type
    Dewey Decimal Classification     Virtual Virtual Online 01/06/2010   ONLINE PUBLICATION 150084-2001 06/08/2019 1 06/08/2019 Book